00289nam a2200121Ia 4500008004100000041000800041082001400049100001000063245002700073260002600100300003200126365000900158240624s9999 xx 000 0 und d aeng a658.4 ILM aI L M aCOMMITMENT TO EQUALITY c2007aManagement,2007 aviii, : 118 : p. : cm. ; 29 cb30